LEADER 00884nam a2200217 i 4500 001 000000062028 003 CaOOAMICUS 005 20221018124134.0 008 131028s1874 it u000 u ita u 013 $a33200 040 $aSeMil$bita 100 1 $aRosmini, Antonio,$c.$0(OLS)http://semarc/name/405 245 10$a14: Scienze metafisiche. 9. : Teosofia. 5. 300 $a636 p. 773 0 $aRosmini, Antonio $tOpere edite e inedite dell'abate Antonio Rosmini-Serbati roveretano.$dMilano : Tipografia e libreria Boniardi-Pogliani, 1836.$g14$w()25129 850 $aSeMil 852 $aSeMil$W1$xVenegono$y1$m2L III 21 FA$j28181$B28181$CSeMilBibl$Z2$F28184 $8I 900 1 $aRosmini Serbati, Antonio. 996 $6245$a14: Scienze metafisiche. 9. : Teosofia. 5.$9(OLS)http://semarc/title/97595 LEADER 01290nam a2200301 i 4500 001 000000083278 003 CaOOAMICUS 005 20260421123937.0 008 180830s1940 it a u000 u ita u 013 $a55518 040 $aSeMil$bita 100 1 $aDescartes, René,$d<1596-1650>.$0(OLS)http://semarc/name/4396 245 10$aMeditazioni metafisiche ed estratti dalle Obbiezioni e risposte /$cRenato Descartes ; introduzione, traduzione e commento a cura di Paolo Serini. 250 $a4. Ed. 260 $aMilano :$bMondadori,$c1940. 300 $a184 p., [1] carta di tav. : $britr. ;$c20 cm 490 0 $aCollana di testi filosofici 650 4$aMetafisica.$0(OLS)http://semarc/subject/188 650 4$aCoscienza.$0(OLS)http://semarc/subject/441 700 1 $aSerini, Paolo.$0(OLS)http://semarc/name/8343 830 0$aCollana di testi filosofici.$0(OLS)http://semarc/title/422957 850 $aSeMil 852 $aSeMil$W1$xVenegono$y1$m2P II 922$j212410$B47904$CSeMilBibl$Z2$F50877 $81 900 1 $aCartesio. 996 $6245$aMeditazioni metafisiche ed estratti dalle Obbiezioni e risposte$9(OLS)http://semarc/title/130358 996 $6260$aMilano :$bMondadori$9(OLS)http://semarc/publisher/30335